000 00624nam a2200217 4500
003 OSt
005 20240703015659.0
006 a
008 240703b |||||||| |||| 00| 0 eng d
020 _a9789710445387
040 _aDWCL-Main lib.
_cOC
082 _aFil. 808.066 M663t 2008
100 _aMinas, Rebecca M.
245 _aTechnical writing in the modern world /
260 _aManila :
_bMindshapers Co., Inc.,
_cc2008.
300 _aviii,
_b199 p. ;
_c23 cm.
650 _a1. Technical writing.
650 _a2. Writing.
650 _a3. Includes bibliographical references.
942 _2ddc
_n0
_cBK - FIL
_kFil.
999 _c1846
_d1846